Определение напряжений при холодном осесиметричном выдавливании с учетом деформационной анизотропии; Исследование в области пластичности и обработки металлов давлением; Вып. 2

書誌詳細
Parent link:Исследование в области пластичности и обработки металлов давлением
Вып. 2.— 1974.— С. 3-8
第一著者: Дель Г. Д.
その他の著者: Снегирев Д. П.
言語:ロシア語
出版事項: 1974
主題:
フォーマット: 図書の章
KOHA link:https://koha.lib.tpu.ru/cgi-bin/koha/opac-detail.pl?biblionumber=594701

MARC

LEADER 00000naa0a2200000 4500
001 594701
005 20250213092849.0
035 |a (RuTPU)RU\TPU\tpu\11491 
035 |a RU\TPU\tpu\11490 
090 |a 594701 
100 |a 20040203d1974 k||y0rusy50 ca 
101 0 |a rus 
102 |a RU 
200 1 |a Определение напряжений при холодном осесиметричном выдавливании с учетом деформационной анизотропии  |f Г. Д. Дель , Д. П. Снегирев 
461 |t Исследование в области пластичности и обработки металлов давлением 
463 |t Вып. 2  |v С. 3-8  |d 1974 
610 1 |a напряженное состояние 
610 1 |a экспериментальные исследования 
610 1 |a холодное выдавливание 
610 1 |a анизотропия 
610 1 |a осесимметричные выдавливание 
610 1 |a деформации 
610 1 |a труды учёных ТПУ 
700 1 |a Дель  |b Г. Д. 
701 1 |a Снегирев  |b Д. П. 
801 1 |a RU  |b 63413507  |c 20040203  |g PSBO 
801 2 |a RU  |b 63413507  |c 20100316  |g PSBO 
942 |c CR